| 000 | 00617nam a2200193Ia 4500 | ||
|---|---|---|---|
| 999 |
_c46119 _d46119 |
||
| 003 | GCL | ||
| 005 | 20240530104259.0 | ||
| 008 | 140319s9999 xx 000 0 ara d | ||
| 040 |
_aGCL / _cGCL |
||
| 082 | 0 | 4 |
_a225.4 _bح خ |
| 100 | 1 | _aحسن يونس حسن عبيدو | |
| 245 | 1 | 0 |
_aخلاصة البيان فى مباحث من علوم القران / _cحسن يونس حسن عبيدو |
| 260 |
_a[S.N] : _bمركز الكتاب للنشر ، _c1992 |
||
| 300 | _a159 ص | ||
| 650 | 0 | 4 | _aعلوم القران |
| 650 | 0 | 4 | _aالمباحث العامة |
| 650 | 0 | 4 | _aنزول القران |
| 942 |
_2ddc _cBK |
||